书目信息 |
| 题名: |
新概念英语真题题源阅读
|
|
| 作者: | 梅雪 主编 ;新概念英语学习中心 编 | |
| 分册: | 第三册 | |
| 出版信息: | 北京 中国石化出版社 2010.04 |
|
| 页数: | 260页 | |
| 开本: | 24cm | |
| 丛书名: | ||
| 单 册: | ||
| 中图分类: | H319.4 | |
| 科图分类: | ||
| 主题词: | 英语--ying yu--阅读教学--自学参考资料 | |
| 电子资源: | ||
| ISBN: | 978-7-5114-0309-4 | |
| 000 | 01079nam0 2200253 450 | |
| 001 | 012011686429 | |
| 005 | 20110608124252.81 | |
| 010 | @a978-7-5114-0309-4@dCNY30.00 | |
| 100 | @a20110608d2010 em y0chiy0120 ea | |
| 101 | 0 | @achi@aeng |
| 102 | @aCN@b110000 | |
| 105 | @ay z 000yy | |
| 106 | @ar | |
| 200 | 1 | @a新概念英语真题题源阅读@Axin gai nian ying yu zhen ti ti yuan yue du@d= New concept English@h第三册@f新概念英语学习中心编@Fxin gai nian ying yu xue xi zhong xin bian@g梅雪主编@Gmei xue zhu bian@zeng |
| 210 | @a北京@c中国石化出版社@d2010.04 | |
| 215 | @a260页@d24cm | |
| 330 | @a本书深入《新概念英语》第三册教材本身,匹配该册学习目标要求,将内容精编为260Topics,分成52周量化学习,通过科学合理的计划,引导读者每周拿出时间专门用于阅读训练,从而每周都会有新的收获。 | |
| 510 | 1 | @aNew concept English@zeng |
| 606 | 0 | @a英语@Aying yu@x阅读教学@j自学参考资料 |
| 690 | @aH319.4@v4 | |
| 701 | 0 | @a梅雪@Amei xue@4主编 |
| 712 | 02 | @a新概念英语学习中心@Axin gai nian ying yu xue xi zhong xin@4编 |
| 801 | 0 | @aCN@bQSSK@c20110608 |
| 905 | @b793688-90@dH319.4@eM456@f3 | |
| 新概念英语真题题源阅读= New concept English.第三册/新概念英语学习中心编/梅雪主编.-北京:中国石化出版社,2010.04 |
| 260页;24cm |
| ISBN 978-7-5114-0309-4:CNY30.00 |
| 本书深入《新概念英语》第三册教材本身,匹配该册学习目标要求,将内容精编为260Topics,分成52周量化学习,通过科学合理的计划,引导读者每周拿出时间专门用于阅读训练,从而每周都会有新的收获。 |
| ● |
| 相关链接 |
|
|
|
正题名:新概念英语真题题源阅读
索取号:H319.4/M456
 
预约/预借
| 序号 | 登录号 | 条形码 | 馆藏地/架位号 | 状态 | 备注 |
| 1 | 793688 | 207936885 | 语言库209/209语言库 47排3列3层/ [索取号:H319.4/M456] | 在馆 | |
| 2 | 793689 | 207936894 | 语言库209/209语言库 47排3列3层/ [索取号:H319.4/M456] | 在馆 | |
| 3 | 793690 | 207936901 | 语言库209/209语言库 47排3列3层/ [索取号:H319.4/M456] | 在馆 |